000 01288nam a2200229Ia 4500
001 L240-13313
003 IT-CnALBA
008 170116s9999||||xx |||||||||||||| ||und||
040 _aIT-CnALBA
_cIT-CnALBA
041 _aITALIANO
100 _aPINCELLI P. LUIGI, SJ.
245 0 _aCIBO DELL'ANIMA RELIGIOSA OVVERO PRATICA FACILE E FRUTTUOSA D'ORAZIONE MENTALE SULLA VITA E LO SPIRITO DI N. S
250 _a13a ed.
260 _aARC. MODENA.
_bIMMAC. CONCEZ. TIP. PONT.
_c1929 [1° Ed.: n.d.]
300 _a426 p. (prefazione: 1)
500 _aBREVE BIOGRAFIA DI P. L. PINCELLI. DEDICA A S. GIUSEPPE, PATRONO DELLE ANIME CONSACRATE. AVVENTO: TRIPLICE VENUTA. IMMACOLATA. GIOVANNI BATTISTA. GABRIELE, L'ARCANGELO. NOVENA DI NATALE. RICONCILIAZIONE. VIGLIA. NATIVITÀ DI N.S.G.C. CIRCONCISIONE. EPIFANI
501 _aSocietà San Paolo EM - Piazza San Paolo, 14 - 12051 ALBA (CN) (non commercial uses only) ® Copyright 2017
520 _aBREVE BIOGRAFIA DI P. L. PINCELLI. DEDICA A S. GIUSEPPE, PATRONO DELLE ANIME CONSACRATE. AVVENTO: TRIPLICE VENUTA. IMMACOLATA. GIOVANNI BATTISTA. GABRIELE, L'ARCANGELO. NOVENA DI NATALE. RICONCILIAZIONE. VIGLIA. NATIVITÀ DI N.S.G.C. CIRCONCISIONE. EPIFANI
650 _aTEOLOGIA SPIRITUALE CRISTIANA
942 _cBK
957 _71
999 _a18066
_bSI
_g Copie: 1
_c272489
_d272489